François de Tott (1733 – 1793) Život a dielo jedného osvieteného diplomata

Súhrn životnej dráhy Françoisa de Totta, jeho vzťah k Slovensku. Analýza jeho Memoárov.

Gespeichert in:
Bibliographische Detailangaben
1. Verfasser: Horbulák, Zsolt, 1972-
Weitere Verfasser: Tóth, Ferenc
Format: Buchkapitel
Sprache:Slowakisch
Schlagworte:
Tags: Tag hinzufügen
Keine Tags, Fügen Sie das erste Tag hinzu!

MARC

LEADER 00000naa a2200000 4500
001 0268727
005 20221031112031.0
041 0 |a slo 
044 |a SK 
245 1 0 |a François de Tott (1733 – 1793)  |b Život a dielo jedného osvieteného diplomata  |c Zsolt Horbulák, Ferenc Tóth 
520 |a Súhrn životnej dráhy Françoisa de Totta, jeho vzťah k Slovensku. Analýza jeho Memoárov. 
610 2 0 |a osobnosť 
610 2 0 |a biografia 
610 2 0 |a diplomacia 
610 2 0 |a história 
100 1 |a Horbulák, Zsolt, 1972- 
700 1 |a Tóth, Ferenc